[Event "Medellin Aristizabal Cup"]
[Site "Medellin"]
[Date "2019.01.24"]
[Round "3"]
[White "Orozco Arango, Jaidiber"]
[Black "Escobar Medina, Andres F"]
[Result "0-1"]
[WhiteElo "1861"]
[BlackElo "2280"]
[PlyCount "86"]
[EventDate "2019.01.24"]
[EventType "swiss"]
[EventRounds "7"]
[EventCountry "COL"]
[SourceTitle "EXT 2020"]
[Source "ChessBase"]
[SourceDate "2019.10.17"]
[SourceVersion "1"]
[SourceVersionDate "2019.10.17"]
[SourceQuality "1"]

1. d4 Nf6 2. Bf4 c5 3. e3 d5 4. c3 Nc6 5. h3 Qb6 6. Qb3 c4 7. Qc2 Bf5 8. Qc1 e6 9. Nf3 h6 10. Nbd2 Be7 11. b3 cxb3 12. axb3 Rc8 13. Qd1 0-0 14. Be2 Ne4 15. Nxe4 Bxe4 16. Nd2 g5 17. Bg3 Bg6 18. 0-0 f5 19. f4 Rfd8 20. c4 dxc4 21. bxc4 a6 22. c5 Qc7 23. Bc4 Bf7 24. Qb3 Bxc5 25. Bxe6 Nxd4 26. exd4 Bxd4+ 27. Kh2 Bxa1 28. Rxa1 Rxd2 29. fxg5 f4 30. Bxf7+ Qxf7 31. Qxf7+ Kxf7 32. Bxf4 Rf2 33. Be3 Re2 34. Rf1+ Kg8 35. Bf4 hxg5 36. Bxg5 Rcc2 37. Rg1 a5 38. h4 a4 39. Kh3 a3 40. h5 Re5 41. Kh4 Rcc5 42. Bf6 Rxh5+ 43. Kg4 Rhd5 0-1

[Event "COL pre olympic sf1"]
[Site "Medellin"]
[Date "2016.03.25"]
[Round "6"]
[White "Cadena Montoya, Gustavo Adolfo"]
[Black "Orozco Arango, Jaidiber"]
[Result "1-0"]
[WhiteElo "2180"]
[BlackElo "1851"]
[PlyCount "43"]
[EventDate "2016.03.22"]
[EventType "swiss"]
[EventRounds "9"]
[EventCountry "COL"]
[SourceTitle "CBM 171 Extra"]
[Source "ChessBase"]
[SourceDate "2016.04.26"]
[SourceVersion "1"]
[SourceVersionDate "2016.04.26"]
[SourceQuality "1"]

1. d4 d5 2. c4 c6 3. Nf3 a6 4. cxd5 cxd5 5. Nc3 Nf6 6. g3 Nc6 7. Bg2 e6 8. 0-0 Bb4 9. Bg5 h6 10. Bxf6 Qxf6 11. Rc1 0-0 12. a3 Bd6 13. Re1 Bd7 14. e4 dxe4 15. Nxe4 Qe7 16. d5 Ne5 17. dxe6 Bc6 18. Qxd6 Qxd6 19. Nxd6 Nd3 20. e7 Rfb8 21. Rxc6 Nxe1 22. Rc3 1-0

[Event "COL pre olympic sf1"]
[Site "Medellin"]
[Date "2016.03.23"]
[Round "3"]
[White "Orozco Arango, Jaidiber"]
[Black "Cano, Luis Fernando"]
[Result "1-0"]
[WhiteElo "1851"]
[BlackElo "2241"]
[PlyCount "29"]
[EventDate "2016.03.22"]
[EventType "swiss"]
[EventRounds "9"]
[EventCountry "COL"]
[SourceTitle "CBM 171 Extra"]
[Source "ChessBase"]
[SourceDate "2016.04.26"]
[SourceVersion "1"]
[SourceVersionDate "2016.04.26"]
[SourceQuality "1"]

1. e4 c5 2. Nf3 d6 3. d4 cxd4 4. Nxd4 Nf6 5. Nc3 a6 6. Be3 e6 7. Be2 Be7 8. 0-0 0-0 9. f4 Re8 10. Qe1 Nc6 11. Qg3 Bf8 12. Rad1 e5 13. Nxc6 bxc6 14. fxe5 Rxe5 15. Qxe5 1-0

[Event "COL-ch U2000"]
[Site "Medellin"]
[Date "2016.??.??"]
[Round "4.2"]
[White "Orozco Arango, Jaidiber"]
[Black "Cardona Cortes, Juan Fernando"]
[Result "0-1"]
[WhiteElo "1851"]
[BlackElo "1931"]
[PlyCount "30"]
[EventDate "2016.02.29"]
[EventType "swiss"]
[EventRounds "9"]
[EventCountry "COL"]
[SourceTitle "EXT 2024"]
[Source "ChessBase"]
[SourceDate "2023.10.10"]
[SourceVersion "1"]
[SourceVersionDate "2023.10.10"]
[SourceQuality "1"]

1. e4 c6 2. d4 d5 3. e5 e6 4. Nf3 Ne7 5. Bd3 c5 6. c3 Ng6 7. 0-0 Nd7 8. Nbd2 b6 9. b3 Bb7 10. Bb2 Qc7 11. Qe2 Rc8 12. Rac1 a6 13. h3 b5 14. Kh1 Ne7 15. g4 c4 0-1

[Event "COL-ch U2000"]
[Site "Medellin"]
[Date "2016.??.??"]
[Round "2.6"]
[White "Orozco Arango, Jaidiber"]
[Black "Ossa, Vladimir"]
[Result "1-0"]
[WhiteElo "1851"]
[BlackElo "1955"]
[PlyCount "29"]
[EventDate "2016.02.29"]
[EventType "swiss"]
[EventRounds "9"]
[EventCountry "COL"]
[SourceTitle "EXT 2024"]
[Source "ChessBase"]
[SourceDate "2023.10.10"]
[SourceVersion "1"]
[SourceVersionDate "2023.10.10"]
[SourceQuality "1"]

1. e4 Nf6 2. e5 Nd5 3. d4 d6 4. c4 Nb6 5. f4 dxe5 6. fxe5 Nc6 7. Be3 Bf5 8. a3 e6 9. Nc3 Qd7 10. Be2 0-0-0 11. Nf3 Bg4 12. Nd2 h5 13. h3 Bf5 14. Nf3 Be7 15. 0-0 1-0

[Event "Bogota McGregor op 2nd"]
[Site "Bogota"]
[Date "2011.12.11"]
[Round "10"]
[White "Mena, Yamil Octavio"]
[Black "Orozco Arango, Jaidiber"]
[Result "1-0"]
[WhiteElo "2064"]
[BlackElo "1877"]
[PlyCount "61"]
[EventDate "2011.12.06"]
[EventType "swiss"]
[EventRounds "10"]
[EventCountry "COL"]
[SourceTitle "CBM 145 Extra"]
[Source "ChessBase"]
[SourceDate "2012.01.03"]
[SourceVersion "1"]
[SourceVersionDate "2012.01.03"]
[SourceQuality "1"]

1. e4 c5 2. Nf3 d6 3. d4 cxd4 4. Nxd4 Nf6 5. Nc3 g6 6. f4 Bg7 7. e5 dxe5 8. fxe5 Nfd7 9. e6 Ne5 10. Bb5+ Nec6 11. exf7+ Kf8 12. Nxc6 Qxd1+ 13. Nxd1 Nxc6 14. Bxc6 bxc6 15. 0-0 Bf6 16. Be3 Be6 17. Nf2 Bxb2 18. Rab1 Bf6 19. Ne4 Bc4 20. Rf2 Bxa2 21. Rb7 Rd8 22. Nxf6 Rd1+ 23. Rf1 Rxf1+ 24. Kxf1 Kxf7 25. Ng4 a6 26. Bg5 Re8 27. Ne5+ Ke6 28. Nxc6 Kf5 29. Rxe7 Rc8 30. Re5+ Kg4 31. h3+ 1-0

[Event "Bogota McGregor op 2nd"]
[Site "Bogota"]
[Date "2011.12.08"]
[Round "5"]
[White "Agudelo, Carlos Hernan"]
[Black "Orozco Arango, Jaidiber"]
[Result "1-0"]
[WhiteElo "2072"]
[BlackElo "1877"]
[PlyCount "89"]
[EventDate "2011.12.06"]
[EventType "swiss"]
[EventRounds "10"]
[EventCountry "COL"]
[SourceTitle "CBM 145 Extra"]
[Source "ChessBase"]
[SourceDate "2012.01.03"]
[SourceVersion "1"]
[SourceVersionDate "2012.01.03"]
[SourceQuality "1"]

1. c4 Nf6 2. g3 e6 3. Bg2 d5 4. Nf3 Be7 5. 0-0 0-0 6. cxd5 exd5 7. d4 Re8 8. Bf4 Nbd7 9. Qc2 c6 10. Nc3 Nf8 11. Rab1 Ng6 12. Bd2 Bb4 13. Bg5 h6 14. Be3 Ng4 15. Bd2 Bxc3 16. Bxc3 Qe7 17. h3 Nf6 18. Ne5 Nxe5 19. dxe5 Nd7 20. e4 dxe4 21. Rfe1 Nxe5 22. Bxe4 Qc7 23. f4 Ng6 24. Bxg6 Rxe1+ 25. Rxe1 fxg6 26. Qxg6 Bxh3 27. Kh2 Qd7 28. Qxg7+ Qxg7 29. Bxg7 Kxg7 30. Kxh3 Kf7 31. Rd1 Re8 32. Kg4 Rg8+ 33. Kf3 Ke6 34. Rh1 Rh8 35. g4 Kf7 36. f5 Kf6 37. Kf4 Rh7 38. Rd1 Ke7 39. Ke5 Rf7 40. Rd6 Rh7 41. f6+ Ke8 42. Kf5 Rh8 43. Re6+ Kf8 44. Re7 Rg8 45. Rxb7 1-0

[Event "Antioquia Region-ch C"]
[Site "Medellin"]
[Date "2011.??.??"]
[Round "5.1"]
[White "Echeverry, Andres Fernando"]
[Black "Orozco Arango, Jaidiber"]
[Result "0-1"]
[WhiteElo "1673"]
[BlackElo "1669"]
[PlyCount "82"]
[EventDate "2011.03.03"]
[EventType "swiss"]
[EventRounds "7"]
[EventCountry "COL"]
[SourceTitle "EXT 2024"]
[Source "ChessBase"]
[SourceDate "2023.10.10"]
[SourceVersion "1"]
[SourceVersionDate "2023.10.10"]
[SourceQuality "1"]

1. e4 c5 2. d4 cxd4 3. c3 dxc3 4. Nxc3 Nc6 5. Bc4 d6 6. Nf3 e6 7. Qe2 Be7 8. 0-0 a6 9. Rd1 b5 10. Bb3 Ra7 11. Bf4 Rd7 12. Rac1 Bb7 13. Rd2 Na5 14. Bxe6 fxe6 15. Nd4 Kf7 16. Qg4 Nf6 17. Qxe6+ Kf8 18. Qf5 g6 19. Bh6+ Ke8 20. Qe6 Rc7 21. Bg7 Bc8 22. e5 Bxe6 23. Nxe6 Rxc3 24. Rxc3 Qd7 25. exf6 Qxe6 26. Re3 Qxe3 27. fxe3 Rg8 28. Rc2 Kd7 29. g4 Bf8 30. Bxf8 Rxf8 31. g5 Nc4 32. Kf2 Ne5 33. Ke2 Nf7 34. h4 h6 35. Kd3 hxg5 36. hxg5 Nxg5 37. Rg2 Nf3 38. Ke2 Rxf6 39. Rf2 Ng1+ 40. Ke1 Rxf2 41. Kxf2 Nh3+ 0-1